000 01139nam a2200217 a 4500
008 211203s2018 ||||||||||||||||| || u
020 _a9780444641571
050 _aQD 172 Han
100 _aBunzli, Jean-Claude G
245 1 0 _aHandbook on the physics and chemistry of rare earths [including actinides], volume 53
_cEdited by Jean-Claude G. Bunzli and Vitalij K. Pecharsky
260 _aAmsterdam
_bNorth-Holland
_c2018
300 _ac, 269 pages : illustrations
650 0 _aRARE EARTHS
650 _aRARE EARTHS METALS
650 _aRARE EARTHS METALS--SURFACES
650 _aRARE EARTHS COMPOUNDS
700 _aPecharsky, Vitalij K
995 _aMAIN LIBRARY OPEN ACCESS
_e751458
_FCBU-MAIN LIBRARY (Kitwe)
_I421.63
_jQD 172 Han
_M1
_UAVAILABLE
_WDec 3, 2021
_y751458
_ZMain Library Open Access Collection
995 _aMAIN LIBRARY OPEN ACCESS
_D421.63
_e751459
_FCBU-MAIN LIBRARY (Kitwe)
_jQD 172 Han
_M2
_UAVAILABLE
_WDec 3, 2021
_y751459
_ZMain Library Open Access Collection
995 _aMAIN LIBRARY OPEN ACCESS
_e751460
_FCBU-MAIN LIBRARY (Kitwe)
_I421.63
_jQD 172 Han
_M3
_UAVAILABLE
_WDec 3, 2021
_y751460
_ZMain Library Open Access Collection
999 _c76121
_d76121